Julie and Julia : (Record no. 282)

MARC details
000 -LEADER
fixed length control field 01041cam a22003134a 4500
005 - DATE AND TIME OF LATEST TRANSACTION
control field 20260322212013.0
008 - FIXED-LENGTH DATA ELEMENTS--GENERAL INFORMATION
fixed length control field data
010 ## - LIBRARY OF CONGRESS CONTROL NUMBER
LC control number 2009288433
020 ## - INTERNATIONAL STANDARD BOOK NUMBER
International Standard Book Number 9780316044271 (movie tiein trade pb)
020 ## - INTERNATIONAL STANDARD BOOK NUMBER
International Standard Book Number 031604427X
040 ## - CATALOGING SOURCE
Original cataloging agency DLC
Transcribing agency DLC
Modifying agency DLC
042 ## - AUTHENTICATION CODE
Authentication code pcc
043 ## - GEOGRAPHIC AREA CODE
Geographic area code e-fr---
050 00 - LIBRARY OF CONGRESS CALL NUMBER
Classification number TX649.P66
Item number A3 2009
001 - CONTROL NUMBER
control field data
100 1# - MAIN ENTRY--PERSONAL NAME
Personal name Powell, Julie.
245 10 - TITLE STATEMENT
Title Julie and Julia :
Remainder of title my year of cooking dangerously /
Statement of responsibility, etc. Julie Powell.
250 ## - EDITION STATEMENT
Edition statement Back Bay pbk. movie tie-in ed.
260 ## - PUBLICATION, DISTRIBUTION, ETC.
Place of publication, distribution, etc. New York :
Name of publisher, distributor, etc. Back Bay Books,
Date of publication, distribution, etc. 2009.
300 ## - PHYSICAL DESCRIPTION
Extent 307 p. ;
Dimensions 25 cm.
500 ## - GENERAL NOTE
General note "Reader's pick guide inside"--Cover.
600 10 - SUBJECT ADDED ENTRY--PERSONAL NAME
Personal name Powell, Julie.
600 10 - SUBJECT ADDED ENTRY--PERSONAL NAME
Personal name Child, Julia.
Title of a work Mastering the art of French cooking.
650 #0 - SUBJECT ADDED ENTRY--TOPICAL TERM
Topical term or geographic name entry element Women cooks
Form subdivision Anecdotes.
650 #0 - SUBJECT ADDED ENTRY--TOPICAL TERM
Topical term or geographic name entry element Cooking, French
Form subdivision Anecdotes.
906 ## - LOCAL DATA ELEMENT F, LDF (RLIN)
a 7
b cbc
c origcop
d 2
e ncip
f 20
g y-gencatlg
925 0# -
-- acquire
-- 2 shelf copies
-- policy default
Holdings
Withdrawn status Lost status Damaged status Not for loan Home library Current library Shelving location Date acquired Total checkouts Full call number Barcode Date last seen Price effective from Koha item type
        Fairview Fairview General stacks 22/03/2026   TX649.P66 A3 2009 BC0010291 22/03/2026 22/03/2026 Books